| 000 | 00786nam a2200217Ii 4500 | ||
|---|---|---|---|
| 003 | JO-AjNU | ||
| 008 | 230605s9999||||xx |||||||||||||| ||und|| | ||
| 040 |
_aJO-AjNU _bara _erda _cJO-AjNU |
||
| 041 | _aara | ||
| 050 | 1 | 4 | _aBP190.5.S3.G4712 1992 |
| 100 | 3 |
_aغيتون، جان ، م.مشارك: غريشكا ، إيغور بوغدانوف ؛ ترجمة: خليل أحمد خليل, _eauthor _920873 |
|
| 245 | 0 | 0 | _aالله والعلم |
| 250 | _aط1 | ||
| 264 | 3 | 1 | _aبيروت- باريس: دار عويدات الدولية، 1992 |
| 300 | _a125ص | ||
| 336 |
_atext _btxt _2rdacontent |
||
| 337 |
_aunmediated _bn _2rdamedia |
||
| 338 |
_avolume _bnc _2rdacarrier |
||
| 490 | 0 | _aسلسلة عام 2000 | |
| 650 | 4 |
_aالدين والعلم- الفلسفة والدين _920874 |
|
| 999 |
_aA7155 _c10723 _d10723 |
||